Деформирование и разрушение структурно-неоднородных материалов: сборник научных трудов

Podrobná bibliografie
Korporativní autor: Академия наук СССР (АН СССР) Уральское отделение
Další autoři: Наймарк О. Б. (редактор), Евлампиева С. Е.
Jazyk:ruština
Vydáno: Свердловск, УрО АН СССР, 1992
Témata:
Médium: MixedMaterials Kniha
KOHA link:https://koha.lib.tpu.ru/cgi-bin/koha/opac-detail.pl?biblionumber=131319

MARC

LEADER 00000nam0a2200000 4500
001 131319
005 20231031134401.0
010 |a 5769101067 
020 |a RU  |b 92-19954 
035 |a (RuTPU)RU\TPU\book\142236 
090 |a 131319 
100 |a 20080215d1992 k y0rusy5003 ca 
101 0 |a rus 
102 |a RU 
105 |a a z 001zy 
200 1 |a Деформирование и разрушение структурно-неоднородных материалов  |e сборник научных трудов  |f Академия наук СССР (АН СССР), Уральское отделение; под ред. О. Б. Наймарка; С. Е. Евлампиевой 
210 |a Свердловск  |c УрО АН СССР  |d 1992 
215 |a 149 с.  |c ил. 
320 |a Библиография в конце статей 
610 1 |a структурно-неоднородные материалы 
610 1 |a деформирование 
610 1 |a разрушение 
610 1 |a физика 
610 1 |a механика 
610 1 |a сборники 
675 |a 539.3/6  |v 3 
702 1 |a Наймарк  |b О. Б.  |4 340 
702 1 |a Евлампиева  |b С. Е.  |4 340 
712 0 2 |a Академия наук СССР (АН СССР)  |b Уральское отделение  |2 stltpush  |3 (RuTPU)RU\TPU\col\11479 
801 0 |a RU  |b RuMRKP  |c 19950417  |g psbo 
801 1 |a RU  |b 63413507  |c 20080215  |g PSBO 
801 2 |a RU  |b 63413507  |c 20081125  |g PSBO 
942 |c BK